000 00308nam a2200133Ia 4500
008 230917s9999||||xx |||||||||||||| ||und||
040 _e93254
_aMAIN
041 _aEnglish
082 _a610 B469C
100 _aBhutani, Manisha
245 0 _aCordiac status in typhoid fever
300 _a90 p.
942 _cTH
999 _c86335
_d86335